[Event "Irish New Year Events-IM1 2020"]
[Site "Dublin"]
[Date "2020.01.03"]
[Round "1.6"]
[White "Baker, Chris W"]
[Black "Mannion, Stephen R"]
[Result "1/2-1/2"]
[WhiteElo "2225"]
[BlackElo "2283"]
[Annotator "TA"]
[PlyCount "33"]
[EventDate "2020.01.02"]
[EventType "tourn"]
[EventCountry "IRL"]
[SourceTitle "playchess.com"]
[Source "ChessBase"]
[SourceQuality "1"]

{[%evp 15,33,25,29,30,47,39,37,38,43,38,17,4,14,0,0,-6,-12,-16,-18,-19]} 1. d4 d5 2. Nf3 Nf6 3. c4 dxc4 4. e3 e6 5. Bxc4 c5 6. O-O a6 7. Qe2 b5 8. Bd3 Nbd7 9. a4 {D28: Queen's Gambit Accepted: Classical main line: 7 Qe2 with early ...Nc6} b4 (9... c4 10. Bc2 Bb7 11. e4 Be7 12. Nc3 b4 13. e5 bxc3 14. exf6 Nxf6 15. bxc3 Bxf3 16. Qxf3 Nd5 17. a5 O-O 18. Qh3 f5 {1-0 (38) Giri,A (2762)-Eljanov,P (2720) Heraklio 2017}) 10. Nbd2 Bb7 11. Rd1 {White is slightly better.} Be7 12. Nc4 O-O 13. Nfe5 {The position is equal.} Qc7 14. Bd2 a5 $146 ({Predecessor:} 14... cxd4 15. exd4 Nb6 16. Na5 {1-0 (36) Dunkelblum,A-Van Hoorde,E Namur 1938}) 15. Rac1 Rac8 16. f4 g6 17. Rf1 1/2-1/2

[Event "Irish New Year Events-IM1 2020"]
[Site "Dublin"]
[Date "2020.01.03"]
[Round "1.7"]
[White "Delaney, Killian"]
[Black "Venkatesan, Kavin"]
[Result "1-0"]
[WhiteElo "2278"]
[BlackElo "1815"]
[Annotator "RC"]
[PlyCount "67"]
[EventDate "2020.01.02"]
[EventType "tourn"]
[EventCountry "IRL"]
[SourceTitle "playchess.com"]
[Source "ChessBase"]
[SourceQuality "1"]
[TimeControl "40/5400+30:1800+30"]

1. e4 {[%emt 0:00:00]} c5 {[%emt 0:00:00]} 2. Nc3 {[%emt 0:00:00]} a6 {[%emt 0:00:05]} 3. g3 {[%emt 0:00:00]} b5 {[%emt 0:01:00]} 4. Bg2 {[%emt 0:00:15]} Bb7 {[%emt 0:00:07]} 5. d3 {[%emt 0:00:14]} e6 {[%emt 0:01:03]} 6. Nh3 {[%emt 0:01:20]} d6 {[%emt 0:01:59]} 7. O-O {[%emt 0:00:44]} Nf6 {[%emt 0:04:48]} 8. f4 {[%emt 0:01:16]} Be7 {[%emt 0:01:47]} 9. e5 {[%emt 0:08:33]} Bxg2 {[%emt 0:00:50]} 10. Kxg2 {[%emt 0:00:08]} dxe5 {[%emt 0:02:47]} 11. fxe5 {[%emt 0:00:15]} Nd5 {[%emt 0:00:11]} 12. Qg4 {[%emt 0:00:35]} O-O {[%emt 0:04:48]} 13. Bh6 {[%emt 0:01:59]} g6 {[%emt 0:00:07]} 14. Qf3 {[%emt 0:00:15]} f5 {[%emt 0:01:47]} 15. Bxf8 {[%emt 0:02:46]} Bxf8 {[%emt 0:00:03]} 16. Nxd5 {[%emt 0:04:51]} exd5 {[%emt 0:00:19]} 17. Nf4 {[%emt 0:02:08]} Nc6 {[%emt 0:01:29]} 18. Qxd5+ {[%emt 0:03:43]} Qxd5+ {[%emt 0:00:39]} 19. Nxd5 {[%emt 0:00:05]} Nxe5 {[%emt 0:00:23]} 20. Rae1 {[%emt 0:02:50]} Bg7 {[%emt 0:01:05]} 21. Re2 {[%emt 0:04:55]} Rd8 {[%emt 0:00:41]} 22. Nc7 {[%emt 0:00:36]} Nc6 {[%emt 0:03:44]} 23. Ne6 {[%emt 0:09:08]} Re8 {[%emt 0:05:13]} 24. c3 {[%emt 0:00:45]} Kf7 {[%emt 0:01:47]} 25. Ng5+ {[%emt 0:00:23]} Kf8 {[%emt 0:00:09]} 26. Nxh7+ {[%emt 0:00:07]} Kf7 {[%emt 0:00:08]} 27. Ng5+ {[%emt 0:00:06]} Kf8 {[%emt 0:00:07]} 28. Rxe8+ {[%emt 0:00:30]} Kxe8 {[%emt 0:00:02]} 29. Re1+ {[%emt 0:00:08]} Kd7 {[%emt 0:00:11]} 30. Ne6 {[%emt 0:00:13]} Be5 {[%emt 0:00:51]} 31. Nxc5+ {[%emt 0:00:14]} Kc7 {[%emt 0:00:12]} 32. d4 {[%emt 0:01:08]} Bd6 {[%emt 0:00:34]} 33. Nxa6+ {[%emt 0:00:13]} Kb6 {[%emt 0:00:22]} 34. Re6 {[%emt 0:00:14]} 1-0

[Event "Irish New Year Events-IM1 2020"]
[Site "Dublin"]
[Date "2020.01.03"]
[Round "1.8"]
[White "Melaugh, Shane"]
[Black "Ahlander, Bjorn"]
[Result "1/2-1/2"]
[WhiteElo "2207"]
[BlackElo "2418"]
[Annotator "TA"]
[PlyCount "199"]
[EventDate "2020.01.02"]
[EventType "tourn"]
[EventCountry "IRL"]
[SourceTitle "playchess.com"]
[Source "ChessBase"]
[SourceQuality "1"]

{[%evp 9,199,2,15,0,34,0,0,0,0,0,0,-12,0,-11,-4,-13,-1,-17,0,-6,-5,0,0,-2,0,-10,-6,-46,-31,-49,-21,-18,-16,-48,-30,-71,-55,-117,-92,-94,-90,-92,-92,-92,-88,-77,-75,-75,-56,-66,-54,-54,-51,-66,-53,-59,-54,-83,-71,-69,-72,-72,-64,-82,-66,-146,-145,-164,-161,-174,-179,-165,-92,-160,-155,-160,-160,-195,-160,-161,-155,-259,-78,-78,-78,-160,-78,-118,-78,-78,-78,-118,-77,-78,-78,-78,-78,-78,-82,-83,-83,-83,0,-83,0,-83,-83,-111,-38,-122,-110,-99,-100,-446,-446,-425,-368,-364,-334,-297,-297,-327,-319,-366,-327,-327,-327,-327,-316,-296,-230,-231,-231,-246,-214,-214,-214,-206,-212,-227,-227,-227,-227,-231,-231,-231,-231,-231,-231,-231,-231,-231,-231,-227,-200,-200,-200,-200,-159,-172,-159,-379,-377,-365,-266,-412,-324,-340,-229,-545,-190,-197,0,-272,-8,-8,-8,-8,-8,-8,-8,-8,-8,-8,-8,-8,-8,-8,-8,-8,-8,-8]} 1. c4 e6 2. Nc3 d5 3. d4 Nf6 4. Bf4 Bb4 5. Nf3 c5 (5... O-O 6. e3 c5 7. dxc5 Qa5 8. Be2 dxc4 9. O-O Bxc3 10. bxc3 Rd8 11. Qc2 Nbd7 12. c6 bxc6 13. Bxc4 {0-1 (56) Santiago,Y (2472)-Mekhitarian,K (2531) Guayaquil 2019}) 6. e3 {D38: Queen's Gambit Declined: Ragozin Defence (4 Nf3 Bb4)} Nc6 7. a3 Bxc3+ 8. bxc3 O-O 9. Bd3 $146 ({Predecessor:} 9. Qc2 Ne4 10. Bd3 f5 11. O-O b6 12. Ne5 Bb7 13. cxd5 Nxe5 14. Bxe5 Bxd5 {1-0 (111) Verko,T (2147)-Aseeva,A (1807) Moscow 2011}) 9... dxc4 10. Bxc4 Nd5 11. Bxd5 exd5 12. O-O c4 13. Qc2 Re8 14. Rfe1 Ne7 15. e4 Ng6 16. Bg3 Be6 17. exd5 Qxd5 18. Ne5 Ne7 19. Nf3 f6 20. Nd2 Bf5 21. Qa2 Bd3 22. Re3 Qf7 23. Ne4 (23. f3 $15) 23... Nf5 24. Nd6 Nxd6 ({Don't play} 24... Rxe3 $6 25. Nxf7 Re2 26. Qxe2 $11) 25. Bxd6 Rxe3 26. fxe3 Qe6 27. Bf4 g5 28. Bg3 Qxe3+ 29. Bf2 Qe6 30. Re1 Qf7 31. Qd2 Re8 32. h4 h6 33. Re3 Kg7 34. Qe1 Rxe3 35. Qxe3 b6 36. Bg3 Qd7 37. h5 (37. Qf3 $15) 37... Bh7 38. Qf3 Bg8 $1 39. Qa8 Bd5 40. Qb8 Qb7 (40... Qg4 $19 {White must now prevent ...Qd1+.} 41. Qxa7+ Bf7) 41. Qe8 (41. Qxb7+ $142 Bxb7 42. Bb8) 41... Bf7 $1 $17 {[%cal Rf7e8]} 42. Qe2 Qd7 43. Bb8 a6 44. Kh2 b5 45. g4 (45. Kg1 $17) 45... Qe8 $2 (45... a5 $19 46. Bg3 b4 $1 {[%mdl 512]} 47. cxb4 axb4 48. axb4 c3) 46. Qxe8 Bxe8 {[%mdl 4096] Endgame KB-KB} 47. Bd6 (47. Bc7 $142) 47... Bc6 (47... a5 $142 48. Kg3 Bc6) 48. Kg3 Kf7 49. Bb4 Bd5 50. Bc5 Be6 51. Bd6 f5 52. gxf5 Bxf5 53. Kf3 Bc2 54. Ke2 Be4 55. Kf2 Bf5 56. Kf3 $1 Bc2 57. Ke2 $1 Bb1 58. Be5 Kg8 ({Better is} 58... Bf5 $17 {aiming for ...Bg4+.} 59. Kf3 Bc2) 59. Bd6 (59. d5 $15) 59... Be4 60. Kf2 Bd5 61. Bc7 $2 {[%mdl 8192]} (61. Kg3 $17) 61... Bf7 $1 $19 {[%cal Rf7h5]} 62. Ke3 Bxh5 63. d5 Kf7 64. Be5 Bd1 65. Kd4 Bf3 66. Bh8 Ke7 67. Ke5 g4 68. Bf6+ Kd7 69. Bh4 Be2 70. Bg3 h5 71. Bh4 Bd3 72. Bg3 Bg6 73. Bh4 Bf7 74. Bg3 Be8 75. Kd4 Kc8 76. Bh4 Kb7 77. Kc5 Bf7 78. Bg3 Bg8 79. Bh4 Kc7 80. Bg3+ Kd7 81. Bh4 Ke8 82. Kd4 Bh7 83. Ke5 Bc2 84. Ke6 {And now d6 would win.} Be4 $1 85. Ke5 $2 (85. Kd6 $17) 85... Bg2 86. Bg3 Kf7 87. Bh4 (87. Kf5 $142) 87... Bf3 88. Bg3 a5 89. Be1 $2 {[#]} (89. Kd4 {nothing else works.}) 89... Ke7 $2 (89... h4 $1 90. Bxh4 b4 $1 {[%mdl 512]}) 90. Bh4+ Kf7 (90... Kd7 $142 91. Kd4 Bd1) 91. Be1 $1 {[#]} g3 $2 ({Black should play} 91... h4 $1 $19 92. Bxh4 {[#]} b4 $1 {[%mdl 512]} 93. axb4 axb4 94. cxb4 c3) 92. Bxg3 $11 {The position is equal.} b4 93. cxb4 axb4 94. axb4 {Threatens to win with b5.} c3 95. b5 {b6 is the strong threat.} c2 96. Bf4 $132 {[%mdl 2048] Intending b6 and mate. White is not keeping still} Ke7 97. b6 {White threatens b7 and mate.} Kd7 98. Kd4 Kc8 99. Kc3 Bxd5 100. Kxc2 {Accuracy: White = 41%, Black = 60%.} 1/2-1/2

[Event "Irish New Year Events-IM1 2020"]
[Site "Dublin"]
[Date "2020.01.03"]
[Round "1.9"]
[White "Kanyamarala, Tarun"]
[Black "Waters, Michael"]
[Result "1-0"]
[WhiteElo "2320"]
[BlackElo "2130"]
[Annotator "TA"]
[PlyCount "97"]
[EventDate "2020.01.02"]
[EventType "tourn"]
[EventCountry "IRL"]
[SourceTitle "playchess.com"]
[Source "ChessBase"]
[SourceQuality "1"]

{[%evp 18,96,68,64,86,72,66,47,44,39,77,79,123,110,154,114,153,89,89,81,133,76,94,72,78,40,75,75,231,222,169,164,329,337,351,327,352,352,353,358,327,337,409,327,547,547,542,477,474,465,451,422,497,437,400,314,304,281,346,277,274,274,321,237,1778,1738,1296,1302,29992,29993,29993,29993,29997,29998,29998,29991,29991,29992,29998,29999,29999]} 1. d4 ({Predecessor:} 1. Nf3 Nf6 2. c4 c5 3. g3 d5 4. cxd5 Nxd5 5. d4 cxd4 6. Nxd4 e6 {½-½ (12) Varga,Z (2450)-Lukacs,P (2475) Budapest 1996}) 1... d5 $146 (1... Nf6 2. c4 e6 3. Nf3 c5 4. g3 cxd4 5. Nxd4 Bb4+ 6. Bd2 Bxd2+ 7. Qxd2 O-O 8. Bg2 Nc6 9. O-O d5 10. cxd5 {½-½ (10) Pantsulaia,L (2577)-Mchedlishvili,M (2632) Mumbai 2014}) 2. c4 e6 3. Nf3 Nf6 4. g3 c5 5. cxd5 Nxd5 6. Bg2 cxd4 7. Nxd4 Bb4+ 8. Bd2 Bxd2+ 9. Qxd2 O-O 10. O-O Nc6 {A32: Symmetrical English: 2 Nf3 Nf6 3 d4 cxd4 4 Nxd4 e6} 11. Nxc6 bxc6 12. Na3 Ba6 {White is slightly better.} 13. Rac1 Qb6 14. Nc4 Qb5 15. Rfd1 Rab8 16. Ne5 c5 {[#]} 17. Bf1 ({Much weaker is} 17. Bxd5 $6 exd5 18. Qxd5 Qxb2 $14) (17. b3 $142 $1) 17... Nf6 $16 18. b3 Rbc8 (18... Qb6 $142) 19. Nc4 (19. e4 $142 Qb7 20. Bxa6 Qxa6 21. f3) 19... Qb4 20. Qd6 Bb7 21. Ne5 Bd5 22. f3 $36 {[%mdl 2048] White is in control.} Qb6 $2 (22... h6 $16) 23. Qxb6 $18 axb6 24. e4 Bb7 $2 (24... Ba8 25. g4 g5) 25. Rd6 Rc7 26. Rxb6 g5 27. g4 h5 {Now ...hxg4 and Black clings on.} 28. h3 Rd8 29. b4 hxg4 30. hxg4 Rd4 $2 (30... Rdc8 {was necessary.} 31. Rxb7 Rxb7) 31. Rxc5 Re7 32. Nd3 Bxe4 33. fxe4 Nxe4 34. Re5 Ra7 35. Ra5 Rc7 36. Nc5 Nc3 37. Bh3 Rd2 {and the idea ...Ne2+ leaves Black hopeful.} 38. Ra8+ Kg7 39. Bf1 Nxa2 40. Ne4 Rb2 $2 (40... Rd4 41. Rxa2 Rxe4) 41. Rbb8 {[#] Threatening mate with Rg8+.} f6 42. Rg8+ Kf7 43. Raf8+ {White mates.} Ke7 44. Rxf6 Rc1 45. Rg7+ Ke8 46. Rh6 {[%cal Rh6h8]} Kf8 47. Rd7 {[%cal Rh6h8]} Ke8 48. Nf6+ Kf8 49. Rh8# {Accuracy: White = 62%, Black = 26%.} 1-0

[Event "Irish New Year Events-IM1 2020"]
[Site "Dublin"]
[Date "2020.01.03"]
[Round "1.10"]
[White "O`Donnell, Conor"]
[Black "Hammar, Bengt"]
[Result "1-0"]
[WhiteElo "2307"]
[BlackElo "2175"]
[Annotator "RC"]
[PlyCount "145"]
[EventDate "2020.01.02"]
[EventType "tourn"]
[EventCountry "IRL"]
[SourceTitle "playchess.com"]
[Source "ChessBase"]
[SourceQuality "1"]
[TimeControl "40/5400+30:1800+30"]

1. d4 {[%emt 0:00:00]} Nf6 {[%emt 0:00:00]} 2. c4 {[%emt 0:00:00]} g6 {[%emt 0:01:02]} 3. f3 {[%emt 0:00:07]} Bg7 {[%emt 0:02:03]} 4. e4 {[%emt 0:00:12]} d6 {[%emt 0:00:09]} 5. Nc3 {[%emt 0:00:16]} e5 {[%emt 0:02:25]} 6. Nge2 {[%emt 0:00:45]} O-O {[%emt 0:00:24]} 7. Be3 {[%emt 0:00:23]} c6 {[%emt 0:01:22]} 8. Qd2 {[%emt 0:00:32]} Nbd7 {[%emt 0:00:54]} 9. d5 {[%emt 0:00:24]} cxd5 {[%emt 0:02:28]} 10. cxd5 {[%emt 0:00:12]} a6 {[%emt 0:01:03]} 11. g4 {[%emt 0:00:35]} h5 {[%emt 0:04:08]} 12. g5 {[%emt 0:01:47]} Nh7 {[%emt 0:00:16]} 13. Nc1 {[%emt 0:00:48]} f6 {[%emt 0:13:11]} 14. gxf6 {[%emt 0:02:28]} Qxf6 {[%emt 0:03:10]} 15. Be2 {[%emt 0:01:39]} Qh4+ {[%emt 0:02:00]} 16. Kd1 {[%emt 0:01:24]} Rf7 {[%emt 0:02:54]} 17. Kc2 {[%emt 0:04:40]} Ndf8 {[%emt 0:01:41]} 18. Nb3 {[%emt 0:02:57]} Qd8 {[%emt 0:03:07]} 19. Rac1 {[%emt 0:02:10]} Bd7 {[%emt 0:03:51]} 20. a4 {[%emt 0:06:20]} Bf6 {[%emt 0:15:18]} 21. Rhg1 {[%emt 0:02:07]} Rc8 {[%emt 0:01:34]} 22. Kb1 {[%emt 0:03:49]} Qe8 {[%emt 0:00:50]} 23. a5 {[%emt 0:00:55]} Bd8 {[%emt 0:00:43]} 24. Na2 {[%emt 0:12:50]} Rxc1+ {[%emt 0:01:21]} 25. Nbxc1 {[%emt 0:04:07]} Bb5 {[%emt 0:02:33]} 26. Bd1 {[%emt 0:00:40]} Ba4 {[%emt 0:03:46]} 27. b3 {[%emt 0:01:42]} Bb5 {[%emt 0:00:17]} 28. Qb4 {[%emt 0:02:48]} Qe7 {[%emt 0:02:31]} 29. Nc3 {[%emt 0:03:25]} Be8 {[%emt 0:00:07]} 30. Nd3 {[%emt 0:06:20]} Qc7 {[%emt 0:01:46]} 31. Bb6 {[%emt 0:02:24]} Qe7 {[%emt 0:00:13]} 32. Nb2 {[%emt 0:11:48]} Bxb6 {[%emt 0:00:51]} 33. Qxb6 {[%emt 0:00:49]} Qc7 {[%emt 0:05:55]} 34. Nc4 {[%emt 0:08:07]} Qxb6 {[%emt 0:00:17]} 35. axb6 {[%emt 0:00:51]} Rd7 {[%emt 0:04:12]} 36. b4 {[%emt 0:00:57]} Rd8 {[%emt 0:01:43]} 37. Na5 {[%emt 0:03:21]} Rb8 {[%emt 0:00:01]} 38. Ba4 {[%emt 0:01:00]} Nf6 {[%emt 0:01:44]} 39. Bxe8 {[%emt 0:01:39]} Nxe8 {[%emt 0:00:08]} 40. Na4 {[%emt 0:02:36]} Kf7 {[%emt 0:01:48]} 41. Nb2 {[%emt 0:30:23]} Ke7 {[%emt 0:33:37]} 42. Nbc4 {[%emt 0:00:24]} Kd7 {[%emt 0:00:59]} 43. Kc2 {[%emt 0:00:13]} Ke7 {[%emt 0:01:28]} 44. Kd3 {[%emt 0:00:13]} Kf7 {[%emt 0:01:24]} 45. h4 {[%emt 0:00:05]} Nd7 {[%emt 0:00:14]} 46. Rf1 {[%emt 0:01:27]} Ke7 {[%emt 0:00:38]} 47. Rf2 {[%emt 0:00:27]} Nef6 {[%emt 0:02:42]} 48. Rg2 {[%emt 0:00:27]} Nf8 {[%emt 0:00:11]} 49. Rg1 {[%emt 0:01:17]} N6d7 {[%emt 0:00:13]} 50. Rb1 {[%emt 0:01:07]} Nf6 {[%emt 0:00:35]} 51. Rg1 {[%emt 0:02:15]} Ne8 {[%emt 0:00:34]} 52. Ra1 {[%emt 0:00:45]} Nd7 {[%emt 0:00:19]} 53. Ra2 {[%emt 0:00:31]} Kf7 {[%emt 0:00:29]} 54. Rg2 {[%emt 0:01:34]} Kf6 {[%emt 0:00:04]} 55. Kc3 {[%emt 0:01:57]} Kf7 {[%emt 0:00:34]} 56. Kb3 {[%emt 0:01:10]} Kf6 {[%emt 0:00:17]} 57. Ka4 {[%emt 0:00:15]} Rc8 {[%emt 0:00:38]} 58. Kb3 {[%emt 0:00:18]} Rb8 {[%emt 0:00:01]} 59. Rg1 {[%emt 0:00:30]} Kf7 {[%emt 0:00:01]} 60. Kc3 {[%emt 0:00:26]} Kf6 {[%emt 0:00:17]} 61. Kd3 {[%emt 0:00:44]} Kf7 {[%emt 0:00:02]} 62. Rf1 {[%emt 0:00:29]} Ke7 {[%emt 0:00:04]} 63. Ke3 {[%emt 0:00:19]} Rc8 {[%emt 0:01:28]} 64. Rb1 {[%emt 0:01:04]} Rb8 {[%emt 0:00:02]} 65. b5 {[%emt 0:00:28]} axb5 {[%emt 0:00:10]} 66. Rxb5 {[%emt 0:00:02]} Nef6 {[%emt 0:01:25]} 67. Nb3 {[%emt 0:03:27]} Ne8 {[%emt 0:01:49]} 68. Ra5 {[%emt 0:00:30]} Kd8 {[%emt 0:03:35]} 69. Ra7 {[%emt 0:00:24]} Nc5 {[%emt 0:00:19]} 70. Nxc5 {[%emt 0:00:14]} dxc5 {[%emt 0:00:02]} 71. Kd3 {[%emt 0:01:25]} Ke7 {[%emt 0:02:18]} 72. Nxe5 {[%emt 0:00:09]} Nd6 {[%emt 0:00:44]} 73. Nc6+ {[%emt 0:00:52]} 1-0

[Event "Irish New Year Events-IM1 2020"]
[Site "Dublin"]
[Date "2020.01.03"]
[Round "2.6"]
[White "Mannion, Stephen R"]
[Black "Hammar, Bengt"]
[Result "1/2-1/2"]
[WhiteElo "2283"]
[BlackElo "2175"]
[Annotator "ChessBase"]
[PlyCount "37"]
[EventDate "2020.01.02"]
[EventType "tourn"]
[EventCountry "IRL"]
[SourceTitle "playchess.com"]
[Source "ChessBase"]
[SourceQuality "1"]
[TimeControl "40/5400+30:1800+30"]

1. e4 {[%emt 0:00:00]} c5 {[%emt 0:00:00]} 2. Nf3 {[%emt 0:00:00]} d6 {[%emt 0:00:38]} 3. d4 {[%emt 0:00:00]} cxd4 {[%emt 0:00:07]} 4. Nxd4 {[%emt 0:00:00]} Nf6 {[%emt 0:00:14]} 5. Nc3 {[%emt 0:00:04]} a6 {[%emt 0:01:20]} 6. h3 {[%emt 0:00:11]} b5 {[%emt 0:07:00]} 7. a4 {[%emt 0:06:24]} b4 {[%emt 0:07:21]} 8. Nd5 {[%emt 0:00:24]} Nxe4 {[%emt 0:01:00]} 9. a5 {[%emt 0:28:11]} e6 {[%emt 0:09:48]} 10. Nb6 {[%emt 0:09:21]} Ra7 {[%emt 0:00:20]} 11. Be3 {[%emt 0:00:19]} Rc7 {[%emt 0:01:53]} 12. Be2 {[%emt 0:05:52]} Bb7 {[%emt 0:09:45]} 13. O-O {[%emt 0:00:32]} d5 {[%emt 0:02:47]} 14. Bf3 {[%emt 0:15:02]} Be7 {[%emt 0:04:27]} 15. Bxe4 {[%emt 0:01:42]} dxe4 {[%emt 0:00:10]} 16. Qg4 {[%emt 0:01:42]} O-O {[%emt 0:05:22]} 17. Rad1 {[%emt 0:01:40]} Qe8 {[%emt 0:03:06]} 18. Bf4 {[%emt 0:18:12]} Rc5 {[%emt 0:07:18]} 19. Nb3 {[%emt 0:00:03]} 1/2-1/2

[Event "Irish New Year Events-IM1 2020"]
[Site "Dublin"]
[Date "2020.01.03"]
[Round "2.7"]
[White "Waters, Michael"]
[Black "O`Donnell, Conor"]
[Result "0-1"]
[WhiteElo "2130"]
[BlackElo "2307"]
[Annotator "NA"]
[PlyCount "107"]
[EventDate "2020.01.02"]
[EventType "tourn"]
[EventCountry "IRL"]
[SourceTitle "playchess.com"]
[Source "ChessBase"]
[SourceQuality "1"]
[TimeControl "40/5400+30:1800+30"]

1. Nf3 {[%emt 0:00:13]} c5 {[%emt 0:01:13]} 2. e3 {[%emt 0:00:31]} g6 {[%emt 0:00:20]} 3. c4 {[%emt 0:00:28]} Nf6 {[%emt 0:01:14]} 4. Nc3 {[%emt 0:00:35]} Bg7 {[%emt 0:00:40]} 5. Be2 {[%emt 0:02:30]} O-O {[%emt 0:00:59]} 6. O-O {[%emt 0:00:34]} d5 {[%emt 0:03:30]} 7. cxd5 {[%emt 0:00:40]} Nxd5 {[%emt 1:25:34]} 8. Qb3 {[%emt 0:02:52]} Nc7 {[%emt 0:00:00]} 9. d4 {[%emt 0:00:46]} cxd4 {[%emt 0:00:00]} 10. exd4 {[%emt 0:00:25]} b6 {[%emt 0:00:00]} 11. Rd1 {[%emt 0:03:19]} Bb7 {[%emt 0:00:00]} 12. d5 {[%emt 0:03:48]} Nd7 {[%emt 0:00:00]} 13. d6 {[%emt 0:19:45]} exd6 {[%emt 0:00:00]} 14. Rxd6 {[%emt 0:02:16]} Qe7 {[%emt 0:00:00]} 15. Qd1 {[%emt 0:01:55]} Rad8 {[%emt 0:00:00]} 16. Bg5 {[%emt 0:05:45]} Nf6 {[%emt 0:00:00]} 17. Rxd8 {[%emt 0:01:47]} Rxd8 {[%emt 0:00:00]} 18. Qa4 {[%emt 0:02:07]} Ncd5 {[%emt 0:00:00]} 19. Nxd5 {[%emt 0:09:39]} Rxd5 {[%emt 0:00:00]} 20. Bc4 {[%emt 0:05:11]} Ra5 {[%emt 0:00:00]} 21. Qb3 {[%emt 0:03:33]} Bxf3 {[%emt 0:00:00]} 22. Bxf6 {[%emt 0:00:11]} Bxf6 {[%emt 0:00:00]} 23. Qxf3 {[%emt 0:01:44]} Bxb2 {[%emt 0:00:00]} 24. Rd1 {[%emt 0:00:52]} Rf5 {[%emt 0:00:00]} 25. Qd3 {[%emt 0:06:14]} Qc5 {[%emt 0:00:00]} 26. Rd2 {[%emt 0:02:58]} Bf6 {[%emt 0:00:00]} 27. g3 {[%emt 0:01:32]} Kg7 {[%emt 0:00:27]} 28. a4 {[%emt 0:03:52]} Rxf2 {[%emt 0:02:01]} 29. Rxf2 {[%emt 0:01:11]} Bd4 {[%emt 0:00:03]} 30. Kg2 {[%emt 0:03:17]} Bxf2 {[%emt 0:00:05]} 31. Qd5 {[%emt 0:00:21]} Qxd5+ {[%emt 0:01:01]} 32. Bxd5 {[%emt 0:00:05]} Bc5 {[%emt 0:02:08]} 33. g4 {[%emt 0:00:20]} h6 {[%emt 0:00:58]} 34. h4 {[%emt 0:00:35]} f5 {[%emt 0:01:25]} 35. gxf5 {[%emt 0:03:27]} gxf5 {[%emt 0:00:02]} 36. h5 {[%emt 0:00:41]} Kf6 {[%emt 0:00:17]} 37. Kf3 {[%emt 0:00:11]} Ke5 {[%emt 0:00:41]} 38. Bc4 {[%emt 0:00:58]} f4 {[%emt 0:02:25]} 39. Bb5 {[%emt 0:00:27]} Be7 {[%emt 0:00:18]} 40. Bf1 {[%emt 0:02:04]} Bg5 {[%emt 0:00:10]} 41. Ba6 {[%emt 0:30:25]} Kd4 {[%emt 0:30:18]} 42. Bb5 {[%emt 0:00:19]} Kd5 {[%emt 0:02:04]} 43. Ba6 {[%emt 0:01:30]} Kc5 {[%emt 0:00:14]} 44. Ke4 {[%emt 0:00:10]} Kb4 {[%emt 0:00:09]} 45. Bb5 {[%emt 0:00:21]} a6 {[%emt 0:01:03]} 46. Bxa6 {[%emt 0:01:21]} Kxa4 {[%emt 0:00:03]} 47. Bb7 {[%emt 0:00:27]} Kb3 {[%emt 0:01:44]} 48. Kd3 {[%emt 0:00:49]} b5 {[%emt 0:00:48]} 49. Bf3 {[%emt 0:02:51]} b4 {[%emt 0:01:08]} 50. Bd1+ {[%emt 0:04:07]} Ka2 {[%emt 0:00:20]} 51. Kc4 {[%emt 0:01:51]} Be7 {[%emt 0:00:04]} 52. Bf3 {[%emt 0:01:11]} b3 {[%emt 0:01:11]} 53. Kd3 {[%emt 0:00:52]} b2 {[%emt 0:00:25]} 54. Kd4 {[%emt 0:00:00]} 0-1

[Event "Irish New Year Events-IM1 2020"]
[Site "Dublin"]
[Date "2020.01.03"]
[Round "2.8"]
[White "Ahlander, Bjorn"]
[Black "Kanyamarala, Tarun"]
[Result "1/2-1/2"]
[WhiteElo "2418"]
[BlackElo "2320"]
[Annotator "ChessBase"]
[PlyCount "94"]
[EventDate "2020.01.02"]
[EventType "tourn"]
[EventCountry "IRL"]
[SourceTitle "playchess.com"]
[Source "ChessBase"]
[SourceQuality "1"]
[TimeControl "40/5400+30:1800+30"]

1. d4 {[%emt 0:00:00]} Nf6 {[%emt 0:00:00]} 2. c4 {[%emt 0:00:00]} e6 {[%emt 0:00:00]} 3. g3 {[%emt 0:00:00]} d5 {[%emt 0:00:30]} 4. Nf3 {[%emt 0:00:00]} dxc4 {[%emt 0:00:46]} 5. Bg2 {[%emt 0:00:19]} Bd7 {[%emt 0:00:38]} 6. Ne5 {[%emt 0:00:51]} Bc6 {[%emt 0:00:18]} 7. Nxc6 {[%emt 0:00:06]} Nxc6 {[%emt 0:00:08]} 8. O-O {[%emt 0:00:38]} Qd7 {[%emt 0:00:47]} 9. Nc3 {[%emt 0:02:55]} O-O-O {[%emt 0:08:31]} 10. e3 {[%emt 0:00:08]} Nd5 {[%emt 0:06:48]} 11. Bd2 {[%emt 0:01:13]} Bb4 {[%emt 0:07:34]} 12. Rc1 {[%emt 0:10:08]} Bxc3 {[%emt 0:20:42]} 13. Bxc3 {[%emt 0:02:08]} h5 {[%emt 0:05:28]} 14. Qe2 {[%emt 0:02:59]} h4 {[%emt 0:01:34]} 15. e4 {[%emt 0:02:13]} Nxc3 {[%emt 0:03:02]} 16. bxc3 {[%emt 0:00:29]} Na5 {[%emt 0:03:34]} 17. Rb1 {[%emt 0:04:12]} Rh6 {[%emt 0:07:48]} 18. Qg4 {[%emt 0:06:39]} g6 {[%emt 0:00:44]} 19. Qg5 {[%emt 0:01:10]} Rh5 {[%emt 0:04:01]} 20. Qf6 {[%emt 0:00:03]} Nc6 {[%emt 0:10:40]} 21. Rb2 {[%emt 0:09:21]} Qe7 {[%emt 0:10:01]} 22. Qf3 {[%emt 0:00:03]} h3 {[%emt 0:03:36]} 23. Bh1 {[%emt 0:00:42]} Na5 {[%emt 0:02:17]} 24. Qe3 {[%emt 0:01:28]} Kb8 {[%emt 0:01:18]} 25. f4 {[%emt 0:01:10]} c6 {[%emt 0:01:01]} 26. e5 {[%emt 0:01:58]} Rd7 {[%emt 0:00:33]} 27. Be4 {[%emt 0:00:48]} Rh8 {[%emt 0:00:21]} 28. Rb4 {[%emt 0:00:41]} Rc8 {[%emt 0:00:36]} 29. Rfb1 {[%emt 0:00:11]} c5 {[%emt 0:00:16]} 30. Rb5 {[%emt 0:05:29]} cxd4 {[%emt 0:00:04]} 31. Qf3 {[%emt 0:01:05]} Rc5 {[%emt 0:00:16]} 32. cxd4 {[%emt 0:01:39]} Rxb5 {[%emt 0:01:17]} 33. Rxb5 {[%emt 0:00:03]} Qd8 {[%emt 0:00:46]} 34. Rb1 {[%emt 0:10:07]} b6 {[%emt 0:00:22]} 35. d5 {[%emt 0:05:55]} exd5 {[%emt 0:00:07]} 36. Bc2 {[%emt 0:00:03]} Qc7 {[%emt 0:00:37]} 37. e6 {[%emt 0:00:35]} fxe6 {[%emt 0:00:06]} 38. Bxg6 {[%emt 0:00:06]} Qc5+ {[%emt 0:00:13]} 39. Kh1 {[%emt 0:00:04]} Nc6 {[%emt 0:00:44]} 40. f5 {[%emt 0:00:50]} exf5 {[%emt 0:00:29]} 41. Bxf5 {[%emt 0:30:07]} Re7 {[%emt 0:30:48]} 42. Bxh3 {[%emt 0:00:42]} Kc7 {[%emt 0:00:37]} 43. Rf1 {[%emt 0:04:33]} Qd4 {[%emt 0:00:50]} 44. Qf8 {[%emt 0:00:25]} Qe4+ {[%emt 0:00:28]} 45. Bg2 {[%emt 0:00:07]} Qe5 {[%emt 0:00:17]} 46. Qg8 {[%emt 0:01:10]} Re6 {[%emt 0:00:55]} 47. Bh3 {[%emt 0:04:19]} Qe4+ {[%emt 0:00:08]} 1/2-1/2